1979 1136 1386 1428 1671 1013 1905 1867 1233 1334 1397 1837 1834 1832 1437 1750 1859 1046 1362 1576 1657 1663 1156 1051 1519 1216 1486 1212 1051 1099 1041 1905 1735 1145 1424 1128 1311 1642 1319 1856 1077 1755 1124 1884 1010 1665 1833 1953 1519 1663 1820 1024 1583 1597 1359 1741 1525 1000 1462 1826 1868 1524 1058 1267 1575 1521 1722 1524 1212 1206 1574 1006 1443 1749 1892 1377 1063 1459 1378 1700 1657 1346 1767 1684 1992 1549 1838 1665 1563 1185 1988 1213 1463 1173 1399 1794 1094 1436 1010 BCNSPRNW ULIB Ver.6.0+V

เปลี่ยนเป็นภาษาไทย

Change to English
 แสดงรายละเอียดบรรณานุกรม
  กลับหน้าหลัก

Brief Record : Get Marc (ISO 2709) : E-mail record : QR code < ปิดหน้าต่าง
LEADER : 00000nam 2200000uu 4500
001    13399112396
003     ULIB
008    110810s2551||||th 000 0 tha d
020    9745727474
020    9789745727472
040    brv
050  4 HF5549.5^bผ661ก 2551
100 0  ผุสดี รุมาคม
245 10 การประเมินการปฏิบัติงาน =^bPerformance appraisal /^cโดยผุสดี รุมาคม
246 31 Performance appraisal
250    พิมพ์ครั้งที่ 3 (ฉบับปรับปรุงแก้ไข)
260    กรุงเทพฯ :^bคณะพาณิชยศาสตร์และการบัญชีมหาวิทยาลัยธรรมศาสตร์,^c2551
300    508 หน้า ;^c26 ซม.
650  4 การประเมินผลงาน
650  4 มาตรฐานการทำงาน
650  4 การบริหารงานบุคคล
710 2  มหาวิทยาลัยธรรมศาสตร์. ^bคณะพาณิชยศาสตร์และการบัญชี
945    ^p350^l0^i024223
945    ^p350^l0^i024224
995    ทศพร
999 ^a ทศพร
รายการนี้ยังไม่มีแท็ก
คุณยังไม่ได้ล็อกอิน คุณสามารถมีกิจกรรมร่วมกับเว็บไซต์ได้ แต่ต้องล็อกอินก่อน ::
  ล็อกอิน

รายการสื่อสารสนเทศ

ลำดับที่ ประเภท เลขเรียก/บาร์โค้ด สถานที่ สถานะ
1. การศึกษาทั่วไป
การศึกษาทั่วไป
HF5549.5 ผ661ก 2551 ฉ.2 
  Barcode: 024224
ห้องสมุดวิทยาเขตนครสวรรค์
►หนังสือทั่วไป:l:General Books
บนชั้น

รายการใกล้เคียง
    ผู้แต่ง [ผุสดี รุมาคม]

    หัวเรื่อง [การประเมินผลงาน]
    หัวเรื่อง [มาตรฐานการทำงาน]
    หัวเรื่อง [การบริหารงานบุคคล]

BibComment


ยังไม่เคยถูกคอมเมนท์

คอมเมนท์ทรัพยากรรายการนี้
  คอมเมนท์: การประเมินการปฏิบ..


 Copyright 2026. Bcnsprnw @Library